000 00506cam a22002171 4500
001 sa 62000188
003 DLC
005 20260227111913.0
008 890623s1962 ii 000 0 hino
010 _asa 62000188
035 _a(OCoLC)19917961
040 _aDLC
_cWaU
_dDLC
042 _apremarc
050 0 0 _aPN519.H5
_bB3
100 1 _aBaccana,
_d1907-2003.
245 1 0 _aNaye purāne jharokhe.
260 _c[1962]
300 _a267 p.
_c19 cm.
500 _aIn Hindi.
650 0 _aLiterature.
999 _c52837
_d52837